Fußballverein bei Hinweis #1 - Statistiken

Allgemein
  • Dieses Quiz wurde 547 mal gespielt
  • Das Durchschnittsergebnis liegt bei 16 aus 20
Antwortstatistiken
Hinweis Verein % Korrekt
Schwarzgelb Borussia Dortmund
100%
„Mia san mia“, FC Hollywood FC Bayern München
100%
Autostadt, Wölfe VfL Wolfsburg
98%
Rasenballsport RB Leipzig
97%
Kleeblatt SpVgg Greuther Fürth
97%
Hennes, Effzeh 1. FC Köln
95%
Eisern, Köpenick 1. FC Union Berlin
95%
Adler Eintracht Frankfurt
95%
Dino, Volkspark Hamburger SV
94%
„Glück auf“, Asamoah FC Schalke 04
90%
Zebra MSV Duisburg
89%
Betzenberg, Fritz Walter 1. FC Kaiserslautern
88%
der Glubb 1. FC Nürnberg
86%
Ruhrpott, Grönemeyer VfL Bochum
86%
Elf vom Niederrhein Borussia Möcnhengladbach
82%
Ländle, Canstatt VfB Stuttgart
72%
Ostsee, Suptras FC Hansa Rostock
57%
Veilchen FC Erzgebirge Aue
41%
Spatzen SSV Ulm 1846
28%
Ludwigspark 1. FC Saarbrücken
19%
Keine übereinstimmenden Quizze gefunden
Verteilung der Resultate
Anzahl Personen mit jedem Resultat
Perzentil nach korrekt beantworteten Fragen
Ihre Resultats-Entwicklung
Sie haben dieses Quiz noch nicht gespielt